000 00505cam a22001931 4500
001 sa 67005932
003 DLC
005 20260227112402.0
008 790720s1967 ii 000 0 eng
010 _asa 67005932
035 _a(OCoLC)5190187
040 _aDLC
_cViU
_dDLC
042 _apremarc
050 0 0 _aPR6053.H38
_bS67
100 1 _aChatterjee, Margaret,
_d1925-
245 1 4 _aThe spring and the spectacle,
_bpoems.
260 _aCalcutta,
_bWriters Workshop
_c[1967]
300 _a31 p.
_c23 cm.
999 _c75553
_d75553